| 000 | 00632nam a22002297a 4500 | ||
|---|---|---|---|
| 003 | UA-OsUOA | ||
| 001 | 29110 | ||
| 007 | ta | ||
| 008 | 20050531b un ||||| |||| 00| 0 ukr d | ||
| 100 | _aШтильмарк Р. | ||
| 090 |
_a94(47+571) _bШ91 |
||
| 942 | _cBK | ||
| 040 |
_aUA-OsUOA _brus _cUA-OsUOA _dUA-OsUOA |
||
| 245 |
_aОбразы России _cР. Штильмарк; Ред. Т. СырыщеваРед. Т.Сырыщева |
||
| 300 |
_a439 с. _bІлюстрації |
||
| 955 | _a0 | ||
| 041 | _arus | ||
| 080 | _a94(47+571) | ||
| 260 |
_aМ. _bМолодая гвардия _c1967 |
||
| 044 | _aRU | ||
| 650 | 7 | _2UDC | |
| 999 |
_c315490 _d315490 |
||